Detalles MARC
| 000 -LIDER |
| fixed length control field |
00774nam a2200325 c 4500 |
| 001 - NÚMERO DE CONTROL |
| Identificador de número de control |
577321 |
| 003 - IDENTIFICACDOR DE NÚMERO DE CONTROL |
| control field |
DO-SdBNP |
| 005 - DATE AND TIME OF LATEST TRANSACTION |
| control field |
20180131125106.0 |
| 007 - CAMPOS FIJOS DE DESCRIPCIÓN FÍSICA |
| fixed length control field |
577321 |
| 008 - ELEMENTOS DE LONGITUD FIJA |
| fixed length control field |
141124s1990 sp | |||| 000 f spa |
| 015 ## - NÚMERO DENTRO DE LA BIBLIOGRAFÍA NACIONAL |
| National bibliography number |
|
| 017 ## - NÚMERO DE REGISTRO DE DERECHOS DE AUTOR |
| Copyright or legal deposit number |
|
| Assigning agency |
|
| 035 ## - NÚMERO LOCAL |
| System control number |
|
| 040 ## - FUENTE DE CATALOGACIÓN |
| Agencia que crea de manera original el registro |
BPMSU |
| Idioma de catalogación |
spa |
| Agencia que realiza la transcripción |
BPMSU |
| Convenciones de la despripción |
|
| 041 1# - CÓDIGOS DE OBRAS TRADUCIDAS O EN VARIOS IDIOMAS |
| Cód. del idioma original y/o traducciones intermedias del texto |
|
| 080 ## - NÚMERO DE CLASIFICACIÓN DECIMAL UNIVERSAL |
| Universal Decimal Classification number |
|
| 100 1# - ASIENTO PRINCIPAL -- NOMBRE PERSONAL |
| Nombre personal |
Biedni, Boris |
| Fechas asociadas con el nombre |
|
| Término de relación |
|
| 240 10 - TITULO UNIFORME |
| Título uniforme |
|
| Número de la parte o sección de una obra |
|
| Idioma de una obra |
|
| 245 10 - MENCIÓN DE TITULO |
| Título |
Muchachas / |
| Mención de responsabilidad |
Boris Biedni ; traducción A. Kantorovskaya |
| Número de la parte o sección de una obra |
|
| 250 ## - MENCIÓN DE EDICION |
| Mención de edición |
|
| 260 ## - PUBLICACIÓN, DISTRIBUCIÓN, ETC. (PIE DE IMPRENTA) |
| Lugar de publicación, distribución, etc |
La Haabana : |
| Nombre del editor, distribuidor, etc. |
Gente Nueva, |
| Fecha de publicación, distribución, etc |
1990 |
| 300 ## - DESCRIPCIÓN FÍSICA |
| Extensión |
310 p. : |
| Dimensiones |
24 cm |
| 336 ## - CONTENT TYPE |
| Content type term |
|
| Source |
|
| 337 ## - MEDIA TYPE |
| Media type term |
|
| Source |
|
| 490 0# - MENCIÓN DE SERIES |
| Mención de serie |
|
| 700 ## - ASIENTO SECUNDARIO -- NOMBRE PERSONAL |
| Término de relación |
Kantorovskaya, A. |
| Mención de responsabilidad |
tr. |
| 942 ## - ADDED ENTRY ELEMENTS (KOHA) |
| Source of classification or shelving scheme |
Dewey Decimal Classification |
| Koha item type |
Libros |
| 945 ## - INFORMACIÓN DE PROCESAMIENTO LOCAL |
| Información de procesamiento local |
Inventariado, 2018/MFF |
| 956 ## - LOCAL ELECTRONIC LOCATION AND ACCESS (OCLC) |
| Nombre de host |
VMATEO |
| Método de acceso |
10 |
| Materiales especificados |
20160505 |
| Enlace |
BPMSU |